Atlas ethnographique du globe (Record no. 102794)
[ view plain ]
| 000 -LEADER | |
|---|---|
| campo de control de longitud fija | 01269nam a2200217 i 4500 |
| 001 - NÚMERO DE CONTROL | |
| campo de control | 102794 |
| 003 - IDENTIFICADOR DE NÚMERO DE CONTROL | |
| campo de control | ES-MaACL |
| 005 - FECHA Y HORA DE LA ÚLTIMA TRANSACCIÓN | |
| campo de control | 20260202063017.0 |
| 007 - CAMPO FIJO DE DESCRIPCIÓN FÍSICA--INFORMACIÓN GENERAL | |
| campo de control de longitud fija | t| |
| 008 - DATOS DE LONGITUD FIJA--INFORMACIÓN GENERAL | |
| campo de control de longitud fija | 051207s1826 fr ||||1| fre d |
| 080 ## - NÚMERO DE LA CLASIFICACIÓN DECIMAL UNIVERSAL | |
| Número de la Clasificación Decimal Universal | 81'286(084.4) |
| 100 1# - ENTRADA PRINCIPAL--NOMBRE DE PERSONA | |
| Nombre de persona | Balbi, Adriano, |
| Fechas asociadas al nombre | 1782-1848 |
| 9 (RLIN) | 24843 |
| 245 10 - MENCIÓN DEL TÍTULO | |
| Título | Atlas ethnographique du globe |
| Resto del título | : ou Classification des peuples anciens et modernes d'après leurs langues ; précedé d'un Discours sur l'utilité et l'importance de l'étude des langues appliquée a plusieurs branchez des connaissances humaines ; d'un Aperçu sur les moyens graphiques employés par les différens peuples de la terre ; d'un Coup-d'oeil sur l'histoire de la langue slave, et sur la marche progressive de la civilisation et de la littérature en Russie, avec environ sept cents vocabulaires es principaux idiomes connus, et suivi du Tableau physique, moral et politique des cinq parties du monde... / |
| Mención de responsabilidad, etc. | par Adrien Balbi. |
| 260 ## - PUBLICACIÓN, DISTRIBUCIÓN, ETC. | |
| Lugar de publicación, distribución, etc. | A Paris : |
| Nombre del editor, distribuidor, etc. | chez Rey et Gravier..., |
| Fecha de publicación, distribución, etc. | 1826 ( |
| Lugar de fabricación/manufactura | imprimé chez Paul Renouard) |
| 300 ## - DESCRIPCIÓN FÍSICA | |
| Extensión | [10] p., [62] h., [10] p. ; |
| Dimensiones | 49 cm. |
| 500 ## - NOTA GENERAL | |
| Nota general | Índice. |
| 500 ## - NOTA GENERAL | |
| Nota general | Port. con esc. imperial. |
| 650 14 - PUNTO DE ACCESO ADICIONAL DE MATERIA--TÉRMINO DE MATERIA | |
| Término de materia o nombre geográfico como elemento de entrada | Geografía lingüística- |
| Subdivisión de forma | Atlas. |
| 9 (RLIN) | 13081 |
| 852 ## - LOCALIZACIÓN | |
| Ubicación | ES-MaACL |
| Número de control de estantería | GF-14 |
| Estatus retirado | Estado de pérdida | Estado de daño | No para préstamo | Colección | Biblioteca de origen | Biblioteca actual | Ubicación en estantería | Fecha de adquisición | Fuente de adquisición | Total de préstamos | Signatura topográfica completa | Código de barras | Visto por última vez | Precio de reemplazo | Tipo de ítem Koha |
|---|---|---|---|---|---|---|---|---|---|---|---|---|---|---|---|
| Libros del s. XIX | Biblioteca del Ateneo de Madrid | Biblioteca del Ateneo de Madrid | Depósito 2 | 17/01/2008 | GF-14 | 1107304 | 23/02/2023 | 23/02/2023 | Libro impreso antiguo |
